banner-ar

صنايعية مصر / (Record no. 67643)

MARC details
000 -الفاتح
حقل البيانات ثابتة الطول 00759nam a2200229Ia 4500
005 - وقت وتاريخ اخر تعامل مع التسجيلة
رقم الضبط 20250622124035.0
008 - عناصر البيانات ثابتة الطول - معلومات عامة
حقل البيانات ثابتة الطول 250617s9999||||xx |||||||||||||| ||ara||
017 ## - رقم الايداع القانونى
رقم الايداع القانونى 2016/23652
المصدر ( الهيئة المختصة) مصر. دار الكتب
020 ## - الرقم الدولى المعيارى للكتب
الرقم الدولى المعيارى للكتاب 9789776467637
082 04 - رقم تصنيف ديوى العشرى
رقم التصنيف "810,80355"
رقم المادة ع ص
100 0# - المدخل الرئيسى - إسم شخصى
الإسم الشخصى عمر طاهر
245 10 - بيان العنوان
العنوان صنايعية مصر /
بيان المسئوليه,etc عمر طاهر
250 ## - بيان الطبعة
بيان الطبعة ط36
260 3# - PUBLICATION, DISTRIBUTION, ETC. (IMPRINT)
تاريخ النشر أو التوزيع 2017.
300 ## - الوصف المادى
التعداد "ك1 ، 2 :"
تفاصيل ماديه اخرى للوعاء صور ؛
أبعاد الوعاء 20سم.
650 ## - المدخل الاضافى بالموضوع-مصطلح موضوعى
مصطلح موضوعي الأدب العربى
التقسيم الفرعي العام تاريخ ونقد
650 ## - المدخل الاضافى بالموضوع-مصطلح موضوعى
مصطلح موضوعي الأدب العربى الاجتماعى
650 ## - المدخل الاضافى بالموضوع-مصطلح موضوعى
مصطلح موضوعي الصناعات اليدوية
650 ## - المدخل الاضافى بالموضوع-مصطلح موضوعى
مصطلح موضوعي الصنايعية
التقسيم الفرعي الجغرافي مصر
942 ## - عناصر المدخل الإضافي( كوها)
Koha [default] item type كتاب
260 3# - PUBLICATION, DISTRIBUTION, ETC. (IMPRINT)
-- القاهرة :
-- "الكرمة للنشر،"
Holdings
حالة التراجع حالة الفقد حالة تلف ليس للاعارة المكان المؤقت الموقع الحالى موقع الترفيف تاريخ الاكتساب اجمالي اﻻعارات تاريخ اخر مشاهدة تاريخ تفعيل السعر نوع وعاء كوها
        مكتبة القاهرة الكبرى مكتبة القاهرة الكبرى القاعة الرئيسية 06/22/2025   06/22/2025 06/22/2025 كتاب

Powered By

EGPV